LEADER 00802nam0-22002771i-450 001 990006319610403321 005 20190226112559.0 035 $a000631961 035 $aFED01000631961 100 $a19980601d1929----km-y0itay50------ba 101 0 $aita 102 $aIT 105 $ay------ 001yy 200 1 $aStoria del diritto romano$fPietro De Francisci 210 $aRoma$cA.R.E.$d1929 215 $a390 p.$d24 cm 225 1 $a"Ius. Collezione di scritti / diretta da Pietro De Francisci e Amedeo Giannini$v4 676 $a930 700 1$aDe Francisci,$bPietro$f<1883-1971>$0176881 801 0$aIT$bUNINA$gRICA$2UNIMARC 901 $aBK 912 $a990006319610403321 952 $aCOLLEZ. 86 (4)$b18341$fFGBC 959 $aFGBC 996 $aStoria del diritto romano$9612002 997 $aUNINA